| 000 | 003700000a22001570004500 | ||
|---|---|---|---|
| 003 | MACL | ||
| 005 | 20180301134353.0 | ||
| 008 | 180301b xxu||||| |||| 00| 0 eng d | ||
| 040 | _cmacl | ||
| 100 |
_aPushpa Bhagat _970946 |
||
| 245 | _aGuru gita and gopal | ||
| 260 |
_asingapore _bchopmen _c2011 |
||
| 350 | _a700 | ||
| 650 |
_aphilo. _9413 |
||
| 942 |
_cBK _k403 _2ddc |
||
| 999 |
_c48954 _d48954 |
||